000 00724nam a2200289Ia 4500
005 20260324142002.0
008 008 260324s9999 xx 000 0 eng d
020 _a9780203434932
037 _aEBOOK
040 _aCRL
040 _beng
040 _cCRL
041 _2eng
041 _aeng
084 _qCRL
100 _aDavid Blane; Eric Brunner; Richard Wilkinson
_91210254
245 0 _aHealth and Social Organization
245 0 _bTowards a Health Policy for the 21st Century
260 _bTaylor and Francis
260 _c1996
365 _a
365 _b360
856 _uhttp://www.taylorfrancis.com/books/9780203434932
942 _cEBOOK
999 _c1813930
_d1813930